Famous Buddhists - Statistics

General Stats
  • This quiz has been taken 148 times
  • The average score is 8 of 20
Answer Stats
Clue Buddhist % Correct
Founder of Buddhism Siddhārtha Gautama
96%
Spiritual Tibetan leader Dalai Lama
95%
Founder of Apple Steve Jobs
90%
Mongol conqueror of China Kublai Khan
60%
This golfer's real first name is Eldrick Tiger Woods
59%
He was both Legolas and Will Turner Orlando Bloom
48%
"Hallelujah" singer Leonard Cohen
44%
Actor who campaigns for the Tibetan independence Richard Gere
44%
Wife of Javier Bardem Penélope Cruz
42%
Burmese Peace Prize laureate who was under house arrest Aung San Suu Kyi
34%
Actor of "Under Siege" and Aikido master Steven Seagal
30%
"Queen of Rock and Roll" Tina Turner
30%
Indian Maurya emperor Ashoka
28%
Third Secretary-General of the United Nations, (1961–1971) U Thant
25%
Only female Empress Regnant in Chinese history Wu Zetian
19%
"Once Upon a Time in China" actor Jet Li
15%
Star of "The Ring" Naomi Watts
15%
Principal architect of the Indian Constitution B. R. Ambedkar
12%
Jazz pianist of "Watermelon Man" Herbie Hancock
10%
Japanese activist and the 2nd president of Soka Gakkai Jōsei Toda
1%
No matching quizzes found
Score Distribution
Percent of People with Each Score
Percentile by Number Answered
Your Score History
You have not taken this quiz